000 00516nam a2200205Ia 4500
999 _c6488
_d6488
003 0100
008 130227s9999 xx 000 0 und d
040 _cARRUPELIB
050 _aGN470.S57
100 _aSkorupski, John
_937660
245 _aSymbol and theory:
245 _ba philosophical study of theories of religion in social anthropology
260 _aCambridge, New York
_bCambridge University Press
_c1976
300 _a264p.
300 _b 23 cm
650 _aReligion, Primitive
_925846
650 _aSymbolism
_937661
650 _aRitual
_920031
942 _2lcc
_cMONOGRAPH